| 000 | 01066nam a2200301 a 4500 | ||
|---|---|---|---|
| 999 |
_c461370 _d461370 |
||
| 003 | BLK | ||
| 005 | 20241010093702.0 | ||
| 008 | 180408b bul|||||r ||||||| ||bul|| | ||
| 020 | _a9789543652679 | ||
| 040 | _aBLK | ||
| 041 |
_aBUL _cBUL |
||
| 080 |
_aТурска литература _b821.512.161 _x-31 _z821.512.161-31 |
||
| 100 | 1 |
_aПамук, Орхан _eпърви автор _9105861 |
|
| 139 |
_aПамук, Орхан _bП 16 |
||
| 245 | 1 | 0 |
_aЧумни нощи _bРоман _cОрхан Памук; прев. от тур. Ивайло Хранов |
| 257 | _aTUR | ||
| 260 |
_aСофия _bЕднорог _c2022 |
||
| 300 |
_a720 с. _c21 см |
||
| 380 | _aX | ||
| 500 | _aОриг. загл. Veba Geceleri / Orhan Pamuk | ||
| 700 |
_aХранов, Ивайло Пламенов _eпрев. от тур. _9379945 |
||
| 852 |
_bП _c821-31/П 16 О |
||
| 852 |
_cЦб 316888 _bЦб |
||
| 856 | 4 |
_qpdf _i0.00 _ldisable |
|
| 856 | 4 |
_qpdf _i0.00 _ldisable |
|
| 942 |
_cKNG _n0 _s1 _019 |
||
| 944 |
_aCR _c2023-03-22 _k30539 _lКръстинка Христова |
||